000 00322 a2200109 4500
001 ART_24604
005 20260410161625.0
008 260409a
245 1 0 _aLa institucionalidad ínsita en la contabilidad pública
100 1 _aAtchabahian, Adolfo
773 0 _tEnfoques
_g- Nº 6 (jun. 2014)
_wREV416
999 _c11943
_d11943